LEADER 01226nam0-2200397---450- 001 990000826510203316 005 20060123102012.0 010 $a88-7816-010-5 035 $a0082651 035 $aUSA010082651 035 $a(ALEPH)000082651USA01 035 $a0082651 100 $a20020102d1988----km-y0ITAy01------ba 101 $aita 102 $aIT 105 $a||||||||001yy 200 1 $aPresi x incantamento$ela nuova fotografia internazionale$fa cura di Gregorio Magnani, Daniela Salvioni, Giorgio Verzotti 210 $aMilano$cG. Politi$d1988 215 $a160, 15 p.$cill.$d24 cm 300 $aPubbl. in occasione della Mostra tenuta a Milano nel 1988 606 $aFotografie$z1975-1988 676 $a779.0922 702 1$aMAGNANI,$bGregorio 702 1$aSALVIONI,$bDaniela 702 1$aVERZOTTI,$bGiorgio 801 0$aIT$bsalbc$gISBD 912 $a990000826510203316 951 $aXIII.5. 121(VII F 93)$b99905 LM$cVII F 959 $aBK 969 $aUMA 979 $aPATTY$b90$c20020102$lUSA01$h1037 979 $c20020403$lUSA01$h1728 979 $aPATRY$b90$c20040406$lUSA01$h1657 979 $aCOPAT5$b90$c20060123$lUSA01$h1020 996 $aPresi x incantamento$9967281 997 $aUNISA LEADER 04069nam 2201009Ia 450 001 9910783669103321 005 20230828205339.0 010 $a1-282-35819-7 010 $a1-4237-4550-7 010 $a9786612358197 010 $a0-520-93908-5 010 $a1-59875-914-0 024 7 $a10.1525/9780520939080 035 $a(CKB)1000000000246826 035 $a(EBL)254877 035 $a(OCoLC)62865887 035 $a(SSID)ssj0000132576 035 $a(PQKBManifestationID)12053259 035 $a(PQKBTitleCode)TC0000132576 035 $a(PQKBWorkID)10038607 035 $a(PQKB)10621427 035 $a(SSID)ssj0000559392 035 $a(PQKBManifestationID)11383306 035 $a(PQKBTitleCode)TC0000559392 035 $a(PQKBWorkID)10567038 035 $a(PQKB)11558448 035 $a(DE-B1597)520467 035 $a(DE-B1597)9780520939080 035 $a(Au-PeEL)EBL254877 035 $a(CaPaEBR)ebr10106458 035 $a(CaONFJC)MIL235819 035 $a(MiAaPQ)EBC254877 035 $a(EXLCZ)991000000000246826 100 $a20050922d2006 uy 0 101 0 $aeng 135 $aurnn#---|u||u 181 $ctxt 182 $cc 183 $acr 200 12$aA critical cinema 5$b[electronic resource] $einterviews with independent filmmakers /$fScott MacDonald 210 $aBerkeley, Calif. ;$aLondon $cUniversity of California Press$d2006 215 $a1 online resource (462 p.) 300 $aDescription based upon print version of record. 311 0 $a0-520-24595-4 311 0 $a0-520-24594-6 320 $aIncludes bibliographical references and index. 320 $aIncludes filmography. 327 $tFront matter --$tContents --$tAcknowledgments --$tIntroduction --$tKenneth Anger --$tTony Conrad: On the Sixties --$tNathaniel Dorsky (and Jerome Hiler) --$tPeggy Ahwesh --$tAlan Berliner --$tRobb Moss --$tPhil Solomon --$tJames Benning: On His Westerns --$tJ. Leighton Pierce --$tMatthias Müller --$tSharon Lockhart --$tJennifer Todd Reeves: On Chronic and The Time We Killed --$tShiho Kano --$tErnie Gehr --$tFilmography --$tBibliography --$tIndex 330 $aA Critical Cinema 5 is the fifth volume in Scott MacDonald's Critical Cinema series, the most extensive, in-depth exploration of independent cinema available in English. In this new set of interviews, MacDonald engages filmmakers in detailed discussions of their films and of the personal experiences and political and theoretical currents that have shaped their work. The interviews are arranged to express the remarkable diversity of modern independent cinema and the interactive community of filmmakers that has dedicated itself to producing forms of cinema that critique conventional media. 606 $aExperimental films$zUnited States$xHistory and criticism 606 $aIndependent filmmakers$zUnited States$vInterviews 610 $aavant garde. 610 $acinemaphiles. 610 $acritical cinema. 610 $acultural critique. 610 $adirectors. 610 $aentertainment industry. 610 $aexperimental film. 610 $afilm criticism. 610 $afilm critics. 610 $afilm historians. 610 $afilm industry. 610 $afilmmaker community. 610 $afilmmakers. 610 $aindependent cinema. 610 $aindependent films. 610 $amedia studies. 610 $amodern cinema. 610 $amovie production. 610 $anonfiction. 610 $aperforming arts. 610 $apersonal experiences. 610 $apersonal interviews. 610 $apolitical perspectives. 610 $atheoretical perspective. 610 $aunconventional media. 615 0$aExperimental films$xHistory and criticism. 615 0$aIndependent filmmakers 676 $a791.43750973 700 $aMacDonald$b Scott$f1942-$0835457 801 0$bMiAaPQ 801 1$bMiAaPQ 801 2$bMiAaPQ 906 $aBOOK 912 $a9910783669103321 996 $aA critical cinema 5$93860643 997 $aUNINA